01290nam a22003737b 450000100090000000300090000900500170001800700030003500800270003802000150006504000360008008200250011610000510014124500920019225000060028426000120029026400430030230000460034533600270039133700360041833800290045449000260048350000230050958600260053259000260055860000660058465000290065065000270067970000220070691000400072894200120076895201190078099900170089900522042DO-SdBPM20260123083810.0ta961009s2000 sp || ||spa  a8483106752 aDO-SdBPMbspacBPMSUe rdadrda 4a928bP191s 20002221 aPanero, Juan Luis, d1942-2013. eautor4aut. 10a Sin rumbo cierto :b memorias conversadas con Fernando Valls /c Juan Luis Panero.h  a  a b c  aBarcelona :bTusquets Editores, c2000 a229 páginas : bilustraciones ;c23 cm atextobtxt2rdacontent asin mediación bn2rdamedia  avolumen bnc2rdacarrier0 aTiempo de memoria,v1 aIncluye índice.  aXII Premio Comillas.  aInventariado, 2026/VM17aPanero, Juan Luis, d 1942-2013. v Colecciones de escritos. 7aPoesías española x  7aLiteratura española 1 aValls, Fernando.  aVMateo V. Control de calidad. BPMSU 2ddccBK 00102ddc708CGaBPMETbBPMETd2026-01-23l0oBPMSU CG 928 P191s 2000pBPMSU26010033r2026-01-23w2026-01-23yBK c15619d15619